Stations du tramway 3 de Nantes - Statistiques

Statistiques générales
  • Ce quiz a été pris 66 fois
  • Le résultat moyen est 21 sur 32
Statistiques - réponses
Correspondance Station % Correct
Tramway 1,2, Chronobus 2,3, Bus 26,54 Commerce
100%
Bretagne
87%
Bus 36,40,78,88,98 Neustrie
87%
Tramway 2 Pirmil
87%
Tramway 2, Chronobus 2,3, Bus 54, Navette Aéroport Hôtel Dieu
85%
Bus 50,54 Marcel Paul
85%
Tramway 2, Busway 5 Vincent Gâche
83%
Tramway 2 Aimé Delrue
74%
Tramway 2 Wattignies
74%
Jean Jaurès
72%
Tramway 2, Bus 26 Mangin
70%
Bus 38,97 8 Mai
68%
Viarme Talensac
66%
Chronobus 20, Bus 12,59,79,89 Beauséjour
64%
Bus 30,33 Espace Diderot
64%
Plaisance
62%
Bus 10 Rond-Point de Vannes
62%
Bus 50,54 Sillon de Bretagne
62%
Bus 26 Félix Faure
60%
Longchamp
60%
Poitou
57%
Chronobus 4, Bus 38 Pont Rousseau Martyrs
57%
Château de Rezé -François Mitterrand
55%
Alexandre Vincent Sainte-Thérèse
53%
Bus 50,89 Orvault Morlière
53%
Trocardière
53%
Bus 38 Balinière
49%
Bignon
49%
Les Couëts
47%
Bus 59 Ferrière
45%
Jean Rostand
43%
Grande Ouche
40%
Aucun quiz correspondant
Distribution des résultats
% des personnes avec chaque résultat
Percentile par nombre de réponses
Votre historique - résultats
Vous n’avez pas pris ce quiz